00367 a2200121 4500001001000000005001700010008004100027245004100068100002300109700002700132773006900159999001700228ART_1413620260410161912.0260409a 10aThe perception of welfare inequality1 aVan Praag, Bernard1 aVan Batenburg, Paul C.0 tEuropean economic reviewg- Vol. 13, NÂș 2 (mar. 1980)wREV13346 c26906d26906